| 000 | 01188cam a2200289 i 4500 | ||
|---|---|---|---|
| 003 | SA-RiAUC | ||
| 005 | 20250709062346.0 | ||
| 008 | 250708s1994 su g 00000 ara c | ||
| 040 |
_aSA-JeALM _bara _cSA-RiAUC _erda |
||
| 043 | _ama----- | ||
| 082 | 0 | 4 | _a723.3 |
| 090 |
_a723.3 _b هـ ذ ل |
||
| 100 | 1 |
_aالهذلول، صالح بن علي. _eمؤلف. |
|
| 245 | 1 | 2 |
_aالمدينة العربية إسلامية : _bأثر التشريع في تكوين البيئة العمرانية / _cصالح بن علي الهذلول. |
| 250 | _aالطبعة الأولى. | ||
| 264 | 1 |
_aالرياض : _bصالح بن علي الهذلول، _c1994 |
|
| 300 |
_a296 صفحة ؛ _c24سم |
||
| 336 |
_aنص _btxt _2rdacontent _3كتاب |
||
| 337 |
_aبدون وسيط _bn _2rdamedia |
||
| 338 |
_aمجلد _bnc _2rdacarrier |
||
| 500 | _aإهداء من المؤلف صالح بن علي الهذلول بتاريخ 1423/12/4 هـ | ||
| 650 | 7 |
_aالعمارة الحديثة _2aucsh |
|
| 650 | 7 |
_aالعمارة _zالبلاد العربية _2aucsh |
|
| 650 | 7 |
_aالعمارة الإسلامية _2aucsh |
|
| 942 |
_2ddc _cBOOK _n0 |
||
| 949 |
_aSA-JeALM _d250708 _umohamedma123 _n1 |
||
| 999 |
_c9631 _d9631 |
||